| 000 | 01290nam a22002897a 4500 | ||
|---|---|---|---|
| 999 |
_c63324 _d63324 |
||
| 005 | 20240530110634.0 | ||
| 008 | 170919s2014 ua abhhf bd 000 0 ara d | ||
| 017 |
_a2013/16110 _bمصر. دار الكتب |
||
| 020 | _a9789772122240 | ||
| 040 |
_aEG-CaGPL _cEG-CaGPL |
||
| 082 | 0 | 4 |
_221 _a307.6 / _bع ت |
| 100 | 0 | _aعلى فوزى عبدالمقصود | |
| 245 | 1 | 2 |
_aالتربية السكانية : _bمفهومها - مشكلاتها - سياساتها / _cعلى فوزى عبدالمقصود ، ريمون المعلولى ، عطية سالم الحداد |
| 260 |
_aالاسكندرية : _bمؤسسة شباب الجامعة ، _c2014. |
||
| 300 |
_a372 ص. : _bايض ؛ _c24 سم. |
||
| 504 | _aيشتمل على ارجاعات ببليوجرافية | ||
| 650 | 0 | 7 |
_2qrmak _aالتوجية التربوى |
| 650 | 0 | 7 |
_2qrmak _aالتعليم |
| 650 | 0 | 4 | _aالتربية السكانية |
| 650 | 0 | 4 |
_aالتربية السكانية _xمفهوم |
| 650 | 0 | 4 |
_aالتربية السكانية _xمشاكل |
| 650 | 0 | 4 |
_aالتربية السكانية _xسياسة |
| 700 | 0 |
_aريمون المعلولى _eمؤلف مشارك |
|
| 700 | 0 |
_aعطية سالم الحداد _eمؤلف مشارك |
|
| 942 |
_2ddc _cBK |
||